Accounting for business : basic reports

Bibliographic Details
Main Author: Marley, Stephen (Author)
Format: Book
Published: South Melbourne, Australia : Addison Wesley Longman , 1997
Subjects:

MARC

LEADER 00000cam a2200000 7i4500
001 0000002290
005 20220106093000.0
008 021118s1997
020 |a 0582810280 
090 0 0 |a HF5661   |b .A2269 1997 
245 0 0 |a Accounting for business :   |b basic reports   |c Stephen Marley ... [et al.] 
260 2 |a South Melbourne, Australia :   |b Addison Wesley Longman ,   |c 1997 
300 |a xv, 400 p. ;   |c 24 cm. 
504 |a Includes index 
650 0 |a Accounting 
650 0 |a Accounting   |v Problems, exercises, etc. 
700 1 |a Marley, Stephen ,   |e author 
999 |a 1000072631   |b Book   |c OPEN SHELF (30 DAYS)   |e Gong Badak Campus